[Event "East Lansing (MOR/6/26)"]
[Site "?"]
[Date "1993.??.??"]
[Round "?"]
[White "Spencer, Gordon"]
[Black "Carpenter, George"]
[Result "0-1"]
[WhiteElo "1605"]
[BlackElo "1605"]
[PlyCount "82"]
[EventDate "1993.??.??"]

{6/(26)} 1. Nf3 Nf6 2. b3 g6 3. Bb2 Bg7 4. g3 O-O 5. Bg2 c5 6. c4 Nc6 7. O-O
Qc7 8. d3 Rb8 9. Nbd2 b6 10. Ng5 Bb7 11. Nge4 Nd4 12. e3 Nxe4 13. Nxe4 Nf3+ 14.
Bxf3 Bxb2 15. Rb1 Bg7 16. d4 cxd4 17. exd4 d5 18. Nc3 e6 19. Nb5 Qd7 20. Rb2
dxc4 21. Nxa7 Bxf3 22. Qxf3 Qxa7 23. bxc4 Bxd4 24. Rc2 Bc5 25. h4 Rfd8 26. h5
Qe7 27. Re1 Qg5 28. hxg6 hxg6 29. Re4 Rd4 30. Rxd4 Bxd4 31. a4 Rd8 32. Kg2 Qa5
33. Qc6 Bc5 34. Re2 Rd2 35. Rxd2 Qxd2 36. Qf3 Qb4 37. Qa8+ Kg7 38. Qa6 Qe1 39.
f4 Qe2+ 40. Kh3 Qf1+ 41. Kg4 f5+ 0-1

[Event "Flint (Class DE/2)"]
[Site "?"]
[Date "1993.??.??"]
[Round "?"]
[White "Spencer, Gordon"]
[Black "Calabria, John"]
[Result "1-0"]
[WhiteElo "1605"]
[BlackElo "1605"]
[PlyCount "73"]
[EventDate "1993.??.??"]

1. Nf3 d5 2. c4 e6 3. b3 Nf6 4. Bb2 Nc6 5. g3 Bc5 6. d4 Bb4+ 7. Nbd2 dxc4 8.
bxc4 O-O 9. Bg2 Ne4 10. O-O Ne7 11. a3 Bxd2 12. Nxd2 Ng5 13. f4 e5 14. fxg5
exd4 15. Nf3 Qd6 16. Qxd4 Qxd4+ 17. Nxd4 Rd8 18. Rf2 Ng6 19. Raf1 Be6 20. Nxe6
fxe6 21. e3 c6 22. Rf7 e5 23. Rxb7 Rab8 24. Rxb8 Rxb8 25. Rf2 Rd8 26. Bxc6 Rd1+
27. Kg2 Ne7 28. Be4 Re1 29. Kf3 g6 30. Bxe5 a5 31. Bd4 Rc1 32. Rc2 Rf1+ 33. Kg2
Rf8 34. Bd5+ Nxd5 35. cxd5 Rd8 36. e4 Re8 37. e5 1-0

[Event "East Lansing (MOR/1a/13)"]
[Site "?"]
[Date "1993.??.??"]
[Round "?"]
[White "Spencer, Gordon"]
[Black "Benjamin, H."]
[Result "0-1"]
[WhiteElo "1605"]
[BlackElo "1670"]
[PlyCount "120"]
[EventDate "1993.??.??"]

1. Nf3 d5 2. b3 c5 3. c4 d4 4. d3 Nc6 5. g3 h6 6. Bg2 Nf6 7. O-O Bf5 8. Na3 e6
9. Nc2 Bd6 10. Bd2 Qd7 11. a3 e5 12. b4 Bh3 13. e4 b6 14. bxc5 bxc5 15. Rb1 O-O
16. Rb3 Rfb8 17. Na1 Bg4 18. Qc2 Bc7 19. Rfb1 Qd6 20. Rxb8+ Rxb8 21. Rxb8+ Bxb8
22. Qb3 Nd7 23. Nc2 Bc7 24. a4 Na5 25. Bxa5 Bxa5 26. h3 Be6 27. Na3 a6 28. Qb7
f6 29. Kh2 Qb6 30. Qxb6 Nxb6 31. Bf1 Bd7 32. Nb1 Bxa4 33. Nfd2 Bb4 34. f4 exf4
35. gxf4 Bc2 36. Kg2 a5 37. Kf3 a4 38. Ke2 Nc8 39. h4 Ne7 40. h5 Kf7 41. Bh3 g6
42. Bg4 f5 43. Bf3 fxe4 44. dxe4 gxh5 45. Bxh5+ Kf6 46. Kf3 Bxd2 47. Na3 d3 48.
e5+ Kg7 49. Ke4 Bb4 50. Nb5 d2+ 51. Ke3 Nf5+ 52. Kf2 a3 53. Nxa3 Bxa3 54. Kg2
Bd3 55. Kf2 Bxc4 56. Be2 Nd4 57. Bd1 Bb3 58. Bxb3 Nxb3 59. Ke2 c4 60. Kd1 c3
0-1

[Event "Flint (MI Jr/3)"]
[Site "?"]
[Date "1993.??.??"]
[Round "?"]
[White "Soto, O."]
[Black "Sweet, J."]
[Result "1/2-1/2"]
[WhiteElo "1605"]
[BlackElo "1605"]
[PlyCount "90"]
[EventDate "1993.??.??"]

1. d4 d5 2. c4 e6 3. Nc3 Bb4 4. Nf3 Bxc3+ 5. bxc3 Nf6 6. Bg5 dxc4 7. e4 h6 8.
Bxf6 Qxf6 9. Bxc4 O-O 10. O-O Nc6 11. Re1 e5 12. h3 exd4 13. cxd4 Qg6 14. Nh4
Qg5 15. Nf3 Qg6 16. Kf1 Na5 17. Qc2 Nxc4 18. Qxc4 Qa6 19. Qxa6 bxa6 20. Rac1 f5
21. e5 Be6 22. Rxc7 Bxa2 23. Ra1 Bd5 24. Rxa6 Bxf3 25. gxf3 Rfd8 26. Rc4 Rac8
27. Rxc8 Rxc8 28. d5 Rc5 29. d6 Rxe5 30. d7 Rd5 31. Rxa7 Kf8 32. Kg2 g5 33. Kg3
Ke7 34. Rc7 Rxd7 35. Rxd7+ Kxd7 36. f4 gxf4+ 37. Kxf4 Ke6 38. h4 Kf6 39. Kg3 h5
40. Kf4 Ke6 41. Kg5 Ke5 42. f4+ Ke4 43. Kxh5 Kxf4 44. Kg6 Kg4 45. h5 f4 1/2-1/2

[Event "Flint (MI Jr/5)"]
[Site "?"]
[Date "1993.??.??"]
[Round "?"]
[White "Soto, O."]
[Black "Lynch, D."]
[Result "0-1"]
[WhiteElo "1605"]
[BlackElo "1605"]
[PlyCount "58"]
[EventDate "1993.??.??"]

1. d4 e6 2. e4 Nf6 3. Bg5 Be7 4. Nc3 h6 5. Bxf6 Bxf6 6. Nf3 Nc6 7. Be2 O-O 8.
O-O d6 9. a3 e5 10. d5 Nd4 11. Nxd4 exd4 12. Nb5 c5 13. a4 a6 14. Na3 Be5 15.
f4 Bf6 16. b3 d3 17. e5 dxe2 18. Qxe2 dxe5 19. fxe5 Re8 20. Nc4 Qxd5 21. Nb6
Rxe5 22. Nxd5 Rxe2 23. Nxf6+ gxf6 24. Rac1 b5 25. axb5 axb5 26. Rf5 Bxf5 27. c4
bxc4 28. Rxc4 Ra1+ 29. Rc1 Rxc1# 0-1

[Event "Flint (MI Jr/1)"]
[Site "?"]
[Date "1993.??.??"]
[Round "?"]
[White "Soto, O."]
[Black "Khraizat, Ali"]
[Result "0-1"]
[WhiteElo "1605"]
[BlackElo "1605"]
[PlyCount "84"]
[EventDate "1993.??.??"]

1. d4 Nf6 2. c4 c6 3. Nc3 d5 4. Nf3 Bg4 5. Bg5 e6 6. h3 Bxf3 7. exf3 h6 8. Bh4
Nbd7 9. Bd3 Qb6 10. c5 Qxb2 11. Qc1 Qxc1+ 12. Rxc1 Be7 13. O-O e5 14. Bxf6 Bxf6
15. dxe5 Nxe5 16. Rfe1 O-O 17. Bf5 g6 18. f4 Nc4 19. Bd3 Nb2 20. Bc2 Bxc3 21.
Red1 Nxd1 22. Bxd1 Bd4 23. Bc2 Bxc5 24. f5 Bb6 25. fxg6 fxg6 26. Bxg6 Bxf2+ 27.
Kh1 Rf6 28. Bd3 Bg3 29. Rd1 Raf8 30. a4 c5 31. Be2 Rf2 32. Bf3 d4 33. Rc1 b6
34. a5 Ra2 35. Bd5+ Kg7 36. Bxa2 d3 37. Rd1 b5 38. Bb1 d2 39. Bd3 Re8 40. Bf1
Re1 41. Rxe1 dxe1=Q 42. a6 Qxf1# 0-1

[Event "Flint (Class DE/2)"]
[Site "?"]
[Date "1993.??.??"]
[Round "?"]
[White "Somers, R."]
[Black "Pontoni, M."]
[Result "1-0"]
[WhiteElo "1605"]
[BlackElo "1605"]
[PlyCount "75"]
[EventDate "1993.??.??"]

1. e3 e5 2. f4 e4 3. d3 Nf6 4. Nc3 Bb4 5. Nge2 d5 6. a3 Bxc3+ 7. Nxc3 Bf5 8. d4
Qe7 9. Bd2 c5 10. Qe2 cxd4 11. exd4 Nc6 12. Qb5 a6 13. Qa4 b5 14. Bxb5 Ra7 15.
Bxc6+ Nd7 16. Nxd5 Qh4+ 17. g3 Qh3 18. O-O-O O-O 19. Ne7+ Kh8 20. Nxf5 Qxf5 21.
Bxd7 Qxd7 22. Qxd7 Rxd7 23. c3 Rb7 24. Rhe1 Rfb8 25. b4 a5 26. Kb2 axb4 27.
cxb4 Re8 28. Be3 Rc7 29. d5 Rec8 30. Re2 Rd7 31. d6 f5 32. Rc2 Re8 33. Rc7 Rdd8
34. d7 Rg8 35. Bb6 g5 36. Rb7 h5 37. Bxd8 e3 38. Bf6+ 1-0

[Event "Flint (Class DE/5)"]
[Site "?"]
[Date "1993.??.??"]
[Round "?"]
[White "Somers, R."]
[Black "Aydar, A."]
[Result "1/2-1/2"]
[WhiteElo "1605"]
[BlackElo "1605"]
[PlyCount "84"]
[EventDate "1993.??.??"]

1. e3 e5 2. f4 exf4 3. exf4 Nf6 4. Nf3 Nc6 5. d3 Bc5 6. Qe2+ Qe7 7. Nc3 Qxe2+
8. Bxe2 O-O 9. Bd2 Re8 10. O-O-O Nd4 11. Rhe1 Nxe2+ 12. Nxe2 Bf2 13. Rf1 Rxe2
14. Be1 Bxe1 15. Rfxe1 Rxe1 16. Rxe1 d6 17. Re7 Bd7 18. Ng5 Rf8 19. Ne4 Re8 20.
Nxf6+ gxf6 21. Rxd7 Rc8 22. Re7 Kf8 23. Re3 Re8 24. Kd2 Rxe3 25. Kxe3 f5 26. c4
c5 27. a3 Ke7 28. d4 h6 29. b4 b6 30. g3 f6 31. Kd3 Kd7 32. d5 a6 33. Kc3 Kc7
34. bxc5 bxc5 35. Kb3 Kb7 36. Ka4 Kb6 37. Kb3 Kc7 38. a4 a5 39. Kc3 Kd7 40. Kd3
Ke7 41. Ke3 Kf7 42. h4 Kg6 1/2-1/2

[Event "East Lansing (MOR/6/27)"]
[Site "?"]
[Date "1993.??.??"]
[Round "?"]
[White "Solski, Jeff"]
[Black "Williams, C."]
[Result "1-0"]
[WhiteElo "1605"]
[BlackElo "1605"]
[PlyCount "51"]
[EventDate "1993.??.??"]

{6/(27)} 1. e4 c5 2. Nf3 Nc6 3. g3 g6 4. Bg2 Bg7 5. O-O d6 6. d3 Bd7 7. c3 h6
8. Re1 e5 9. Na3 Be6 10. Be3 Nf6 11. d4 cxd4 12. cxd4 Nxe4 13. d5 Bd7 14. dxc6
Bxc6 15. Nc4 O-O 16. Nh4 Qe7 17. Bxe4 Bxe4 18. Qxd6 Qe8 19. Rad1 Qb5 20. Qc5
Qe8 21. Nd6 Qe7 22. Nxe4 Qe6 23. Rd6 Qxa2 24. Qd5 Qxb2 25. Nxg6 Rfc8 26. Ne7+
1-0

[Event "Troy (TCC/C/3/1)"]
[Site "?"]
[Date "1993.??.??"]
[Round "?"]
[White "Solski, Jeff"]
[Black "Velasquez, A."]
[Result "0-1"]
[WhiteElo "1605"]
[BlackElo "1605"]
[PlyCount "85"]
[EventDate "1993.??.??"]

{3/(1)} 1. e4 c5 2. Nf3 Nc6 3. d4 cxd4 4. Nxd4 g6 5. c3 Bg7 6. Be3 Nf6 7. Nd2
d5 8. exd5 Nxd5 9. Bb5 Bd7 10. N2f3 Nxe3 11. fxe3 O-O 12. O-O e5 13. Nxc6 bxc6
14. Bc4 Rb8 15. Rb1 Qe7 16. Qa4 Qc5 17. Rfd1 Bf5 18. Rbc1 Rxb2 19. Nd4 exd4 20.
cxd4 Qb6 21. Bb3 Be4 22. Qa3 Rxg2+ 23. Kf1 Rxh2 24. Qe7 Rh1+ 25. Kf2 Rxd1 26.
Rxd1 Bd5 27. Rd3 Bxb3 28. Rxb3 Qa5 29. Ra3 Qd2+ 30. Kf3 h5 31. Rxa7 Qd1+ 32.
Kf2 Qc2+ 33. Kg3 Qf5 34. a4 Bf6 35. Qd6 h4+ 36. Kg2 Re8 37. Qc5 h3+ 38. Kg1
Qg4+ 39. Kf1 Qg2+ 40. Ke1 Rxe3+ 41. Kd1 Rd3+ 42. Kc1 Qd2+ 43. Kb1 0-1

[Event "Troy (TCC/C/5/8)"]
[Site "?"]
[Date "1993.??.??"]
[Round "?"]
[White "Solski, Jeff"]
[Black "Schafer, Jurgen"]
[Result "0-1"]
[WhiteElo "1605"]
[BlackElo "1605"]
[PlyCount "50"]
[EventDate "1993.??.??"]

{5/(8)} 1. e4 e5 2. f4 Nf6 3. fxe5 Nxe4 4. Nf3 Be7 5. Bc4 d5 6. exd6 Nxd6 7.
Qe2 O-O 8. Bb3 Bh4+ 9. g3 Bf6 10. O-O Bh3 11. Rf2 Re8 12. Qd3 Nc6 13. c3 Re7
14. Qc2 Qe8 15. Qd1 Bg4 16. Na3 Ne5 17. Nc2 Nxf3+ 18. Rxf3 Qc6 19. Ne1 Rxe1+
20. Qxe1 Bxf3 21. d4 Re8 22. Qf1 Re2 23. Qh3 Rg2+ 24. Kf1 Qe4 25. Bc4 Be2+ 0-1

[Event "Lansing (MI Am/1)"]
[Site "?"]
[Date "1993.??.??"]
[Round "?"]
[White "Solski, Jeff"]
[Black "Kung, Fred"]
[Result "1-0"]
[WhiteElo "1605"]
[BlackElo "1875"]
[PlyCount "111"]
[EventDate "1993.??.??"]

1. e4 e6 2. d4 d5 3. e5 c5 4. Bb5+ Bd7 5. Bxd7+ Qxd7 6. Nf3 Nc6 7. c3 Qc7 8.
Ng5 Qb6 9. O-O cxd4 10. cxd4 Nxd4 11. Be3 Bc5 12. Bxd4 Bxd4 13. Qa4+ Ke7 14.
Nc3 Nh6 15. Rad1 Bxc3 16. bxc3 Qc5 17. Rb1 b6 18. Rb5 Qxc3 19. Nf3 Rhc8 20. Qa6
Nf5 21. Rb3 Qc4 22. Qb7+ Qc7 23. Qa6 Rab8 24. g4 Nh6 25. h3 Rb7 26. a3 Qd7 27.
Nd4 Rbc7 28. f4 Rc3 29. Rxc3 Rxc3 30. Kh2 Rc5 31. f5 Ra5 32. Qd3 Ng8 33. f6+
gxf6 34. Qxh7 Qc8 35. Qg7 Rxa3 36. exf6+ Kd6 37. Nb5+ Ke5 38. Qg5+ Ke4 39. Qf4+
Kd3 40. Qf3+ Kc4 41. Nxa3+ Kb4 42. Rb1+ Ka5 43. Nc4+ Qxc4 44. Qa3+ Qa4 45.
Qxa4+ Kxa4 46. g5 b5 47. h4 b4 48. h5 b3 49. h6 Ka3 50. h7 a5 51. hxg8=Q Ka2
52. Rh1 a4 53. Qxf7 a3 54. Qxe6 d4 55. Qe2+ b2 56. Qc4# 1-0

[Event "East Lansing (MOR/1a/24)"]
[Site "?"]
[Date "1993.??.??"]
[Round "?"]
[White "Solski, Jeff"]
[Black "Jointer, William"]
[Result "0-1"]
[WhiteElo "1605"]
[BlackElo "1715"]
[PlyCount "102"]
[EventDate "1993.??.??"]

1. e4 c5 2. Nf3 g6 3. d4 cxd4 4. Nxd4 Nc6 5. Nc3 Bg7 6. Be3 Nf6 7. Bd3 O-O 8.
Qd2 d5 9. Bh6 Nxd4 10. Bxg7 Kxg7 11. e5 Ne4 12. Nxe4 dxe4 13. Bxe4 Nc6 14. Bd3
Qa5 15. f4 Qxd2+ 16. Kxd2 Nb4 17. h3 Nxd3 18. cxd3 Bf5 19. g4 Be6 20. a3 Rfd8
21. Ke3 Rac8 22. Rag1 Rc2 23. h4 Rxb2 24. f5 Bd5 25. Rh3 Rg2 26. Rxg2 Bxg2 27.
Rg3 Bc6 28. d4 Rd5 29. Rf3 Rxd4 30. f6+ exf6 31. exf6+ Kf8 32. Rg3 Ra4 33. Kd2
Bd7 34. Rd3 Ke8 35. Rb3 b6 36. Re3+ Be6 37. Rc3 Rc4 38. Rxc4 Bxc4 39. Kc3 b5
40. a4 a6 41. Kd4 Kd7 42. Ke5 bxa4 43. Kd4 Be6 44. g5 a3 45. Kc3 a2 46. Kb2 Kd6
47. Ka1 Ke5 48. Kb2 Kf4 49. h5 gxh5 50. g6 hxg6 51. Ka1 h4 0-1

[Event "Lansing (MI Am/2)"]
[Site "?"]
[Date "1993.??.??"]
[Round "?"]
[White "Solski, Jeff"]
[Black "Haakonstad, Olaf"]
[Result "0-1"]
[WhiteElo "1605"]
[BlackElo "1800"]
[PlyCount "60"]
[EventDate "1993.??.??"]

1. e4 e5 2. Nf3 Nc6 3. Bb5 a6 4. Ba4 Nf6 5. O-O Be7 6. c3 O-O 7. Bc2 d5 8. exd5
Nxd5 9. d4 exd4 10. cxd4 Ncb4 11. Bb3 Bg4 12. Re1 Bf6 13. a3 Nc6 14. Bc2 Nxd4
15. Bxh7+ Kxh7 16. Qd3+ Bf5 17. Qc4 b5 18. Qc5 Nb3 19. Qc6 Nxa1 20. Nc3 Nxc3
21. bxc3 Nc2 22. Rf1 Re8 23. h4 Be4 24. Qc5 Kg8 25. Bg5 Bxf3 26. gxf3 Bxg5 27.
hxg5 Qd6 28. Qf5 Ne1 29. f4 Qc6 30. Qh3 Nf3+ 0-1

[Event "East Lansing (MOR/4/25)"]
[Site "?"]
[Date "1993.??.??"]
[Round "?"]
[White "Solski, Jeff"]
[Black "Golingai, P."]
[Result "0-1"]
[WhiteElo "1605"]
[BlackElo "1670"]
[PlyCount "82"]
[EventDate "1993.??.??"]

{4/(25)} 1. e4 e6 2. d4 d5 3. e5 c5 4. Nf3 Nc6 5. Be2 Qb6 6. c3 cxd4 7. cxd4
Bb4+ 8. Bd2 Nge7 9. Bxb4 Qxb4+ 10. Qd2 Bd7 11. O-O Nf5 12. Qxb4 Nxb4 13. Na3
Rc8 14. Nb5 a6 15. a3 Nc2 16. Na7 Ra8 17. Rac1 Ncxd4 18. Nxd4 Nxd4 19. Bd3 Rxa7
20. Rc7 Nb5 21. Rcc1 O-O 22. f4 Raa8 23. g4 Rac8 24. Rcd1 Na7 25. h4 Bb5 26. h5
Bxd3 27. Rxd3 Rc2 28. b4 Rfc8 29. f5 Re2 30. Rdf3 Rcc2 31. Rg3 Nc6 32. fxe6
fxe6 33. g5 Nxe5 34. a4 b6 35. h6 g6 36. Rf6 Re1+ 37. Rf1 Rxf1+ 38. Kxf1 Kf7
39. Re3 Nc4 40. Rf3+ Ke7 41. Ke1 Rg2 0-1

[Event "Eastpointe (EDO/3/13)"]
[Site "?"]
[Date "1993.??.??"]
[Round "?"]
[White "Solski, Jeff"]
[Black "Franke, R."]
[Result "1-0"]
[WhiteElo "1605"]
[BlackElo "1800"]
[PlyCount "109"]
[EventDate "1993.??.??"]

{3/(13)} 1. e4 c5 2. Nf3 Nc6 3. d4 cxd4 4. Nxd4 d6 5. c3 Nf6 6. Bc4 Nxe4 7.
Bxf7+ Kxf7 8. Qh5+ g6 9. Qd5+ e6 10. Qxe4 Bg7 11. Nxc6 bxc6 12. Qxc6 Rb8 13.
Qf3+ Ke8 14. Qc6+ Qd7 15. Qxd7+ Kxd7 16. O-O Rf8 17. Na3 d5 18. Nc2 e5 19. Nb4
Kd6 20. f4 e4 21. f5 Bd7 22. Be3 Bb5 23. Rfd1 Bd3 24. Bf4+ Be5 25. Bxe5+ Kxe5
26. Nc6+ Kd6 27. Nxb8 Rxb8 28. fxg6 hxg6 29. Rd2 Rf8 30. Rc1 Ke5 31. Re1 Bb5
32. b3 Rc8 33. Rc2 Bd3 34. Rcc1 Ba6 35. h3 Bd3 36. Kh2 Rf8 37. c4 dxc4 38. bxc4
Rc8 39. c5 Kd4 40. Kg3 Rxc5 41. Rxc5 Kxc5 42. Kf4 Kd4 43. g4 a5 44. h4 a4 45.
h5 gxh5 46. gxh5 Kc3 47. Rxe4 Bc2 48. h6 Kb2 49. h7 Bxe4 50. h8=Q+ Kxa2 51.
Kxe4 a3 52. Kd3 Kb1 53. Kc3 Ka2 54. Kb4 Kb1 55. Kxa3 1-0

[Event "Jackson (Prison m)"]
[Site "?"]
[Date "1993.??.??"]
[Round "?"]
[White "Solski, Jeff"]
[Black "Flinoil"]
[Result "1-0"]
[WhiteElo "1605"]
[BlackElo "1605"]
[PlyCount "95"]
[EventDate "1993.??.??"]

1. e4 e5 2. f4 Nc6 3. Nf3 exf4 4. d4 Nf6 5. Nc3 Bb4 6. Bc4 Nxe4 7. Bxf7+ Kxf7
8. O-O Bxc3 9. bxc3 Qf6 10. Bxf4 Re8 11. Be5 Qh6 12. Bf4 Qg6 13. Bxc7 Kg8 14.
Qd3 d5 15. Rae1 Bf5 16. Nh4 Qf7 17. Bg3 Nxg3 18. Qxg3 Rxe1 19. Qxe1 Rf8 20.
Nxf5 Qg6 21. Qf2 Rf6 22. Qf3 Qg5 23. Qxd5+ Kh8 24. Qe4 Rf8 25. d5 Nd8 26. d6
Nc6 27. d7 g6 28. Qe8 Qf6 29. Ng3 Qxf1+ 30. Nxf1 Kg7 31. Ne3 Nd8 32. Nd5 Nc6
33. Nc7 Nd8 34. Ne6+ Nxe6 35. Qxe6 h5 36. Qe7+ Rf7 37. d8=Q Rxe7 38. Qxe7+ Kh6
39. Qxb7 a5 40. Qc7 a4 41. c4 h4 42. c5 g5 43. c6 g4 44. Qf4+ Kh5 45. c7 a3 46.
c8=Q g3 47. Qfg4+ Kh6 48. Qh8# 1-0

[Event "Troy (TCC/C/2/3)"]
[Site "?"]
[Date "1993.??.??"]
[Round "?"]
[White "Solski, Jeff"]
[Black "Cooper, Willie"]
[Result "1-0"]
[WhiteElo "1605"]
[BlackElo "1605"]
[PlyCount "147"]
[EventDate "1993.??.??"]

{2/(3)} 1. e4 c5 2. Nf3 Nc6 3. d4 cxd4 4. Nxd4 e5 5. Nxc6 bxc6 6. Bc4 Nf6 7.
Bg5 Bc5 8. O-O O-O 9. Nc3 Bb7 10. Kh1 Be7 11. Qd3 d5 12. exd5 cxd5 13. Bxf6
dxc4 14. Qxd8 Bxd8 15. Bxe5 Re8 16. Bd4 Ba5 17. b4 Bxb4 18. Rab1 Bxc3 19. Bxc3
Be4 20. Rbc1 Re6 21. Kg1 Rae8 22. a4 Bc6 23. Ra1 Re2 24. Bd4 a6 25. c3 f6 26.
Rfb1 Kf7 27. f3 R8e7 28. Rb6 Bb7 29. Rab1 Re1+ 30. Rxe1 Rxe1+ 31. Kf2 Re7 32.
Bc5 Rd7 33. Bd4 h5 34. h3 Bc8 35. Rc6 Bb7 36. Rxc4 Bd5 37. Rc5 Be6 38. Rxh5 Kg6
39. g4 f5 40. Rh8 fxg4 41. hxg4 Bd5 42. f4 Rb7 43. Kg3 Rb2 44. f5+ Kf7 45. Rh7
Rb7 46. Rxg7+ Kf8 47. Rxb7 Bxb7 48. a5 Bd5 49. g5 Kf7 50. Kf4 Bc4 51. Ke5 Bd3
52. g6+ Kg7 53. Ke6+ Kg8 54. g7 Bc4+ 55. Ke7 Bd3 56. f6 Bc4 57. Kd6 Kf7 58. Kc5
Be6 59. Kb4 Ke8 60. c4 Kd7 61. c5 Kc6 62. Be5 Bd5 63. Bd6 Be6 64. Kc3 Kb5 65.
Kd4 Kc6 66. Ke5 Bf7 67. Kf5 Kd7 68. Kg5 Ke6 69. Be7 Kd7 70. Kh6 Bg8 71. Kg6 Ke8
72. c6 Bd5 73. c7 Kd7 74. f7 1-0

[Event "Eastpointe (EDO/2/22)"]
[Site "?"]
[Date "1993.??.??"]
[Round "?"]
[White "Solski, Jeff"]
[Black "Bloch, S."]
[Result "1-0"]
[WhiteElo "1605"]
[BlackElo "1605"]
[PlyCount "42"]
[EventDate "1993.??.??"]

{2/(22)} 1. e4 Nc6 2. d4 Nf6 3. Nc3 a5 4. e5 Ng4 5. Qxg4 d6 6. Qf4 e6 7. Nf3
Be7 8. Qg4 g6 9. Bh6 b6 10. Bb5 Bb7 11. Rd1 Ba6 12. Bxc6+ Qd7 13. Bxd7+ Kxd7
14. exd6 Bxd6 15. Ne5+ Bxe5 16. dxe5+ Kc8 17. Qa4 c6 18. Qxc6+ Kb8 19. Qxb6+
Kc8 20. Bg7 h5 21. Bxh8 g5 1-0

[Event "Lansing (MI Am/5)"]
[Site "?"]
[Date "1993.??.??"]
[Round "?"]
[White "Solski, Jeff"]
[Black "Basas, J."]
[Result "1-0"]
[WhiteElo "1605"]
[BlackElo "1655"]
[PlyCount "57"]
[EventDate "1993.??.??"]

1. e4 e5 2. f4 exf4 3. Nf3 Be7 4. Bc4 Bh4+ 5. Kf1 d5 6. Bxd5 c6 7. Bb3 Nd7 8.
d4 Nc5 9. Bxf7+ Kxf7 10. Bxf4 Nd7 11. Nbd2 Qf6 12. g3 g5 13. e5 Qf5 14. g4 Qxf4
15. e6+ Kxe6 16. Qe2+ Kf7 17. Ne4 Ndf6 18. Nf2 Nxg4 19. Re1 Bd7 20. Kg2 Re8 21.
Ne5+ Nxe5 22. dxe5 Kg7 23. Rhf1 Nh6 24. Kh1 Qf7 25. Ne4 Qd5 26. Rd1 Qe6 27. Nf6
Qxe5 28. Rxd7+ Kg6 29. Qh5# 1-0

[Event "Gaylord (NMO/2/16)"]
[Site "?"]
[Date "1993.??.??"]
[Round "?"]
[White "Snuske, R."]
[Black "Waltz, Glenn"]
[Result "1-0"]
[WhiteElo "1605"]
[BlackElo "1605"]
[PlyCount "43"]
[EventDate "1993.??.??"]

{2/(16)} 1. e4 g6 2. d4 Bg7 3. Nf3 d6 4. Bd2 Nc6 5. Bb5 Bd7 6. Bc3 e6 7. d5 Ne5
8. Nxe5 dxe5 9. Qe2 Qe7 10. Bxd7+ Qxd7 11. dxe6 fxe6 12. Nd2 Ne7 13. O-O-O Qa4
14. Qc4 Qxc4 15. Nxc4 Nc6 16. f4 Bh6 17. Rhf1 Bxf4+ 18. Rxf4 Rf8 19. Rxf8+ Kxf8
20. Nxe5 Nxe5 21. Bxe5 Rc8 22. Rd7 1-0

[Event "East Lansing (MOR/3/27)"]
[Site "?"]
[Date "1993.??.??"]
[Round "?"]
[White "Snuske, R."]
[Black "Vangilder, W."]
[Result "1/2-1/2"]
[WhiteElo "1605"]
[BlackElo "1605"]
[PlyCount "62"]
[EventDate "1993.??.??"]

{3/(27)} 1. e4 Nc6 2. Nf3 d6 3. Bc4 Nf6 4. Nc3 Bg4 5. h3 Bh5 6. Bb5 e6 7. d3
Be7 8. Be3 Qd7 9. g4 Bg6 10. Qd2 a6 11. Bxc6 Qxc6 12. Nd4 Qd7 13. f4 h6 14. f5
exf5 15. exf5 Bh7 16. O-O-O c5 17. Nf3 Qc6 18. Qf2 Nd5 19. Nxd5 Qxd5 20. c4 Qc6
21. Nd2 Qa4 22. Kb1 b5 23. Nb3 O-O 24. Rde1 Rfe8 25. Qd2 Bh4 26. Bf2 Bg5 27.
Qc2 b4 28. Nd2 Qc6 29. Ne4 Be7 30. b3 a5 31. Bg3 a4 1/2-1/2

[Event "Ann Arbor (HVA/1/2)"]
[Site "?"]
[Date "1993.??.??"]
[Round "?"]
[White "Snuske, R."]
[Black "Skidmore, Mike"]
[Result "1-0"]
[WhiteElo "1605"]
[BlackElo "1930"]
[PlyCount "59"]
[EventDate "1993.??.??"]

{1/(2)} 1. e4 c5 2. Nf3 d6 3. d4 cxd4 4. Nxd4 Nf6 5. Nc3 a6 6. Bg5 Nbd7 7. Be2
Qa5 8. Bd2 Qc7 9. f4 g6 10. Nf3 Bg7 11. O-O O-O 12. Qe1 b5 13. Bd3 Nc5 14. Rb1
Bb7 15. b4 Nxd3 16. cxd3 Rac8 17. Rc1 Qd7 18. h3 Rc7 19. Qh4 Rfc8 20. Ne2 Rc2
21. Rxc2 Rxc2 22. Ned4 Rxa2 23. f5 Nh5 24. Be3 Ra3 25. fxg6 hxg6 26. Ng5 Nf6
27. Rxf6 exf6 28. Qh7+ Kf8 29. Nf5 fxg5 30. Qxg7+ 1-0

[Event "Troy (TCC/B/2/11)"]
[Site "?"]
[Date "1993.??.??"]
[Round "?"]
[White "Snuske, R."]
[Black "Schwartz, M."]
[Result "1/2-1/2"]
[WhiteElo "1605"]
[BlackElo "1770"]
[PlyCount "132"]
[EventDate "1993.??.??"]

{2/(11)} 1. e4 c5 2. Nf3 Nc6 3. Bc4 e6 4. O-O d6 5. a3 Nf6 6. d3 Be7 7. Nc3 O-O
8. Ne2 Re8 9. Ng3 a6 10. Ba2 d5 11. e5 Nd7 12. Re1 b5 13. c3 d4 14. Qc2 Bb7 15.
cxd4 cxd4 16. Qe2 Rc8 17. b4 Nb6 18. Bb3 Ba8 19. Ne4 a5 20. Bg5 Nd5 21. Bxe7
Rxe7 22. Bxd5 Qxd5 23. Rac1 Qd8 24. Nd6 Rb8 25. Ng5 h6 26. Ngxf7 Rxf7 27. Nxf7
Kxf7 28. Qf3+ Ke7 29. Rxc6 Bxc6 30. Qxc6 Rb6 31. Qc5+ Kf7 32. bxa5 Ra6 33. Qxb5
Rxa5 34. Qb7+ Kg8 35. Qb3 Qc8 36. h3 Kf7 37. f4 Qc3 38. Qxc3 dxc3 39. Rc1 Rxa3
40. Rc2 Ke7 41. Kf2 Kd7 42. Ke3 Kc6 43. d4 Kd5 44. Kd3 Ra4 45. Rxc3 Rxd4+ 46.
Ke3 Ra4 47. Rd3+ Kc6 48. Kf3 Kc7 49. Kg4 g6 50. Rd6 Ra8 51. Rxe6 Rg8 52. h4 Kd7
53. Ra6 Ke7 54. g3 Kf7 55. Kf3 Rb8 56. Ra3 Kg7 57. Ra7+ Kg8 58. Kg4 Rb3 59. e6
Re3 60. e7 Kf7 61. e8=Q+ Kxe8 62. Rg7 h5+ 63. Kh3 Re6 64. Kg2 Kf8 65. Ra7 Re3
66. Ra2 Kf7 1/2-1/2

[Event "Gaylord (NMO/4/7)"]
[Site "?"]
[Date "1993.??.??"]
[Round "?"]
[White "Snuske, R."]
[Black "Rowlinson, T."]
[Result "0-1"]
[WhiteElo "1605"]
[BlackElo "1885"]
[PlyCount "82"]
[EventDate "1993.??.??"]

{4/(7)} 1. e4 Nc6 2. Nf3 d6 3. d4 Bg4 4. Bb5 a6 5. Bxc6+ bxc6 6. Nbd2 g6 7. h3
Bd7 8. b3 Bg7 9. Bb2 c5 10. c3 cxd4 11. cxd4 c5 12. O-O cxd4 13. Nxd4 Nf6 14.
Re1 O-O 15. Rc1 Rc8 16. Rxc8 Qxc8 17. Re3 Nh5 18. Nc4 Qc5 19. Ne2 Bh6 20. Qd4
Qxd4 21. Bxd4 Bxe3 22. Bxe3 Bb5 23. Nc3 Bxc4 24. bxc4 Rc8 25. Nd5 Rxc4 26. g4
Nf6 27. Nxf6+ exf6 28. f3 Ra4 29. Kf2 Rxa2+ 30. Kg3 a5 31. g5 fxg5 32. Bxg5 Kg7
33. Be7 Rd2 34. h4 a4 35. Kf4 f6 36. Ke3 Rd1 37. Ke2 Rh1 38. Bxd6 Rxh4 39. Kf2
Rh1 40. e5 fxe5 41. Bxe5+ Kf7 0-1

[Event "East Lansing (MOR/7/25)"]
[Site "?"]
[Date "1993.??.??"]
[Round "?"]
[White "Snuske, R."]
[Black "Reist, Douglas"]
[Result "1/2-1/2"]
[WhiteElo "1605"]
[BlackElo "1605"]
[PlyCount "103"]
[EventDate "1993.??.??"]

{7/(25)} 1. e4 c5 2. Nf3 d6 3. Bc4 e6 4. a3 Nf6 5. d3 Be7 6. O-O O-O 7. Bg5 a6
8. Re1 Nc6 9. Nc3 b5 10. Ba2 Bb7 11. Ne2 e5 12. Ng3 Ng4 13. Bxe7 Nxe7 14. h3
Nf6 15. c3 Qd7 16. d4 cxd4 17. cxd4 exd4 18. Nxd4 Rae8 19. Bb1 Ng6 20. Ndf5 d5
21. Ba2 dxe4 22. Qxd7 Nxd7 23. Nd6 Rb8 24. Nxb7 Rxb7 25. Nxe4 Rc7 26. Rac1 Rxc1
27. Rxc1 Nf4 28. Rc7 Ne5 29. Nd6 Nfd3 30. Bd5 Nxb2 31. f4 Ng6 32. Bxf7+ Kh8 33.
Bxg6 hxg6 34. Nf7+ Kg8 35. Ng5 Rxf4 36. Rxg7+ Kxg7 37. Ne6+ Kf6 38. Nxf4 Nc4
39. Nd5+ Ke5 40. Nc7 Nxa3 41. Nxa6 Nc2 42. Kf2 Kf5 43. Nc5 b4 44. Nb3 Kg5 45.
g3 Kh5 46. Ke2 g5 47. Kd2 Na3 48. Nd4 Nb1+ 49. Kc2 Nc3 50. Kb3 Ne4 51. Ne2 Nf2
52. h4 1/2-1/2

[Event "East Lansing (MOR/5/28)"]
[Site "?"]
[Date "1993.??.??"]
[Round "?"]
[White "Snuske, R."]
[Black "Piasecki, Vince"]
[Result "0-1"]
[WhiteElo "1605"]
[BlackElo "1605"]
[PlyCount "78"]
[EventDate "1993.??.??"]

{5/(28)} 1. e4 c5 2. Nf3 Nc6 3. Bc4 e6 4. Nc3 Na5 5. Qe2 Nxc4 6. Qxc4 Nf6 7. e5
d5 8. Qh4 Nd7 9. Qxd8+ Kxd8 10. d3 Be7 11. O-O b6 12. Re1 Bb7 13. Bg5 h6 14.
Bxe7+ Kxe7 15. d4 Rhg8 16. dxc5 Nxc5 17. Nd4 Rad8 18. b4 Ne4 19. Nxe4 dxe4 20.
c3 a6 21. a4 Rc8 22. Re3 Rgd8 23. b5 a5 24. Rd1 f5 25. exf6+ Kxf6 26. Rf1 e5
27. Ne2 Kf7 28. Ng3 Rc4 29. Rfe1 Rxa4 30. h3 Rd3 31. Nf5 Kf6 32. Rxd3 exd3 33.
Ne3 e4 34. c4 Rb4 35. Rd1 a4 36. Rd2 a3 37. Nc2 dxc2 38. Rxc2 Rb2 39. Rc1 a2
0-1